000 00660nam a2200265Ia 4500
005 20260121172759.0
008 008 260114s9999 xx 000 0 eng d
020 _a9781484272305
037 _aEBOOK
040 _aCRL
040 _beng
040 _cCRL
041 _2eng
041 _aeng
084 _qCRL
100 _aHubert Henry Ward
_91092640
245 0 _aProgramming Arduino Projects with the PIC Microcontroller
260 _bSpringer
260 _bSpringer
260 _c2022
856 _uhttps://link.springer.com/openurl?genre=book&isbn=978-1-4842-7230-5
942 _cEBOOK
999 _c1658380
_d1658380